000
002680000a22000970004500
100
1
_a
Andrieu, Jean Paul
245
1
0
_a
El negro venezolano y sus luchas de esperanza
300
_a
Vol. 13, Num 1 (Junio, 1993), Páginas 14-23
773
0
_t
Vida y pensamiento
942
_c
ANA
999
_c
53024
_d
53024